Loading...
| Science - Chemistry | 0 | 3 | 0 | 1 | 30 | 30 | 64.67 | 1 | 2 | 15.46 | 22.22 |
| Literature - American | 0 | 2 | 0 | 0 | 20 | 111 | 111.00 | 0 | 0 | 1.48 | 19.20 |
| Fine Arts - Other | 0 | 2 | 0 | 0 | 20 | 75 | 85.50 | 0 | 0 | 4.14 | 11.11 |
| Religion | 0 | 2 | 0 | 0 | 20 | 66 | 89.50 | 0 | 1 | 5.76 | 12.50 |
| Current Events | 0 | 2 | 0 | 0 | 20 | 55 | 66.50 | 0 | 0 | 19.61 | 25.00 |
| Literature - British | 0 | 2 | 0 | 0 | 20 | 76 | 79.50 | 0 | 1 | 4.46 | 5.36 |
| Literature - European | 0 | 2 | 1 | 1 | 15 | 87 | 95.00 | 0 | 1 | 4.13 | 13.89 |
| Science - Physics | 0 | 2 | 1 | 0 | 15 | 37 | 44.00 | 0 | 1 | 12.71 | 13.89 |
| History - Other | 0 | 1 | 0 | 1 | 10 | 102 | 102.00 | 1 | 1 | 0.00 | 2.78 |
| Geography | 0 | 1 | 0 | 0 | 10 | 43 | 43.00 | 0 | 1 | 15.40 | 18.75 |
| Science - Other | 0 | 1 | 0 | 0 | 10 | 24 | 24.00 | 0 | 1 | 8.64 | 6.94 |
| Social Science | 0 | 1 | 0 | 1 | 10 | 110 | 110.00 | 0 | 0 | 0.00 | 1.79 |
| History - European | 0 | 1 | 0 | 0 | 10 | 34 | 34.00 | 1 | 1 | 4.00 | 5.04 |
| Philosophy | 0 | 1 | 0 | 0 | 10 | 51 | 51.00 | 0 | 0 | 7.07 | 3.57 |
| Popular Culture | 0 | 1 | 0 | 0 | 10 | 32 | 32.00 | 0 | 1 | 14.18 | 17.50 |
| Fine Arts - Classical Music | 0 | 1 | 0 | 0 | 10 | 95 | 95.00 | 0 | 0 | 2.39 | 2.78 |
| Literature - World | 0 | 1 | 1 | 0 | 5 | 114 | 114.00 | 0 | 0 | 0.47 | 1.39 |
| Mythology | 0 | 1 | 1 | 0 | 5 | 113 | 113.00 | 0 | 0 | 0.19 | 4.17 |
| Fine Arts - Painting and Sculpture | 0 | 0 | 0 | 0 | 0 | 0.00 | 0 | 0 | 0.00 | 0.00 |